[Event "Canarias en Red prel 4th"]
[Site "Playchess.com INT"]
[Date "2004.05.06"]
[Round "13"]
[White "Fedorovsky, Michael"]
[Black "Dubois, Loic"]
[Result "1-0"]
[WhiteElo "2270"]
[BlackElo "2277"]
[PlyCount "67"]
[EventDate "2004.05.06"]
[EventType "swiss (blitz)"]
[EventRounds "13"]
[EventCountry "GER"]
[SourceTitle "EXT 2005"]
[Source "ChessBase"]
[SourceDate "2004.11.15"]
[SourceVersion "1"]
[SourceVersionDate "2004.11.15"]
[SourceQuality "1"]

1. d4 d5 2. c4 c6 3. Nf3 Nf6 4. Nc3 e6 5. e3 Nbd7 6. Bd3 dxc4 7. Bxc4 b5 8. Bd3 a6 9. e4 c5 10. e5 Nd5 11. Nxd5 exd5 12. 0-0 c4 13. Bc2 Be7 14. Qe2 0-0 15. e6 Nf6 16. exf7+ Rxf7 17. Ne5 Bd6 18. Nxf7 Kxf7 19. h3 Bc7 20. Bg5 Qd6 21. f4 Bd7 22. Rae1 Re8 23. Qf3 Bb6 24. Bxf6 Kxf6 25. Qf2 Rxe1 26. Rxe1 Bf5 27. Bxf5 Kxf5 28. Re5+ Kf6 29. Qe3 h6 30. Kh1 Kf7 31. Qf3 Qf6 32. Qxd5+ Kf8 33. Qa8+ Kf7 34. Qe8# 1-0

[Event "Paris NAO IM 4th"]
[Site "Paris"]
[Date "2003.12.20"]
[Round "6"]
[White "Dubois, Loic"]
[Black "Chabanon, Jean Luc"]
[Result "1/2-1/2"]
[WhiteElo "2252"]
[BlackElo "2438"]
[PlyCount "42"]
[EventDate "2003.12.15"]
[EventType "tourn"]
[EventRounds "9"]
[EventCountry "FRA"]
[EventCategory "4"]
[SourceTitle "CBM 097 Extra"]
[Source "ChessBase"]
[SourceDate "2004.01.13"]
[SourceVersion "1"]
[SourceVersionDate "2004.01.13"]
[SourceQuality "1"]

1. e4 c5 2. Nc3 Nc6 3. f4 g6 4. Nf3 Bg7 5. Bc4 e6 6. f5 gxf5 7. d3 fxe4 8. dxe4 Ne5 9. Nxe5 Bxe5 10. Qh5 Bxc3+ 11. bxc3 Qf6 12. Bd2 Qg6 13. Qe5 f6 14. Qf4 e5 15. Qh4 b6 16. Bd5 Rb8 17. 0-0 Bb7 18. Rf3 Bxd5 19. exd5 Kd8 20. Raf1 Kc8 21. d6 Qxc2 1/2-1/2

[Event "Paris NAO IM 4th"]
[Site "Paris"]
[Date "2003.12.18"]
[Round "4"]
[White "Dubois, Loic"]
[Black "Goldsztejn, Gildas"]
[Result "0-1"]
[WhiteElo "2252"]
[BlackElo "2245"]
[PlyCount "94"]
[EventDate "2003.12.15"]
[EventType "tourn"]
[EventRounds "9"]
[EventCountry "FRA"]
[EventCategory "4"]
[SourceTitle "CBM 097 Extra"]
[Source "ChessBase"]
[SourceDate "2004.01.13"]
[SourceVersion "1"]
[SourceVersionDate "2004.01.13"]
[SourceQuality "1"]

1. e4 c6 2. d4 d5 3. e5 Bf5 4. Nf3 e6 5. Be2 Ne7 6. 0-0 c5 7. c3 Nec6 8. Na3 cxd4 9. cxd4 Be7 10. Nc2 Nd7 11. Bd3 Bg4 12. Qe2 0-0 13. Qe3 Qb6 14. Ng5 h6 15. Qg3 Bxg5 16. Bxg5 hxg5 17. Qxg4 Rfc8 18. Rfd1 Nf8 19. Qxg5 Nxd4 20. Ne3 Qd8 21. Qf4 Nc6 22. Ng4 Ng6 23. Bxg6 fxg6 24. Rd3 Qf8 25. Qg3 Qf5 26. Rf3 Nd4 27. Re3 Nc2 28. Rae1 Nxe1 29. Rxe1 d4 30. h3 Rc2 31. Qb3 b6 32. Rd1 Rd8 33. Qb4 Rc5 34. Rxd4 Rxd4 35. Qxd4 Kh7 36. b4 Rd5 37. Qc4 b5 38. Qc7 Rd1+ 39. Kh2 Qf4+ 40. g3 Qf3 41. Nf6+ Kh6 42. Ng4+ Kh5 43. Nf6+ gxf6 44. Qh7+ Kg5 45. Qh4+ Kf5 46. Qxf6+ Ke4 47. Qxg6+ Kd4 0-1

[Event "Paris NAO IM 4th"]
[Site "Paris"]
[Date "2003.12.17"]
[Round "3"]
[White "Dubois, Loic"]
[Black "Onkoud, Abdelaziz"]
[Result "0-1"]
[WhiteElo "2252"]
[BlackElo "2323"]
[PlyCount "66"]
[EventDate "2003.12.15"]
[EventType "tourn"]
[EventRounds "9"]
[EventCountry "FRA"]
[EventCategory "4"]
[SourceTitle "CBM 097 Extra"]
[Source "ChessBase"]
[SourceDate "2004.01.13"]
[SourceVersion "1"]
[SourceVersionDate "2004.01.13"]
[SourceQuality "1"]

1. e4 d6 2. d4 Nf6 3. f3 g6 4. Nc3 Bg7 5. Be3 c6 6. Qd2 b5 7. Nge2 Nbd7 8. Bh6 Bxh6 9. Qxh6 Qa5 10. Nc1 Qb6 11. Nb3 a5 12. a4 b4 13. Nb1 Ba6 14. N1d2 Bxf1 15. Rxf1 Qa6 16. 0-0-0 0-0-0 17. Qg5 Kc7 18. d5 h6 19. Qg3 cxd5 20. Nd4 Rb8 21. N2b3 e5 22. Nb5+ Rxb5 23. axb5 Qxb5 24. exd5 a4 25. f4 axb3 26. fxe5 bxc2 27. Kxc2 Qc4+ 28. Kb1 Qe4+ 29. Qd3 Nxe5 30. Qxe4 Nxe4 31. Rd4 f5 32. Rc1+ Nc5 33. Rdc4 Nxc4 0-1

[Event "Syre Memorial op 26th"]
[Site "Issy les Moulineaux"]
[Date "2003.05.31"]
[Round "3.10"]
[White "Dubois, Loic"]
[Black "Karim, Ismael"]
[Result "1/2-1/2"]
[WhiteElo "2264"]
[BlackElo "2157"]
[PlyCount "49"]
[EventDate "2003.05.29"]
[EventType "swiss"]
[EventRounds "6"]
[EventCountry "FRA"]
[SourceTitle "CBM 094 Extra"]
[Source "ChessBase"]
[SourceDate "2003.07.09"]
[SourceVersion "2"]
[SourceVersionDate "2003.07.09"]
[SourceQuality "1"]

1. e4 c5 2. Nf3 e6 3. Nc3 Nc6 4. Bb5 Nge7 5. 0-0 a6 6. Bxc6 Nxc6 7. d4 cxd4 8. Nxd4 Qc7 9. Be3 b5 10. Re1 Be7 11. Qg4 0-0 12. Rad1 Nxd4 13. Bxd4 f6 14. a3 Bb7 15. Rd3 Rf7 16. Red1 Rd8 17. Be3 Bc6 18. Bf4 Qb6 19. Qg3 Rdf8 20. Be3 Qb8 21. Qxb8 Rxb8 22. f3 Rff8 23. Ne2 Kf7 24. Nd4 Bb7 25. c3 1/2-1/2

[Event "Budapest FS05 IM-A"]
[Site "Budapest"]
[Date "2003.05.14"]
[Round "12"]
[White "Dubois, Loic"]
[Black "Jakab, Attila"]
[Result "0-1"]
[WhiteElo "2264"]
[BlackElo "2388"]
[PlyCount "60"]
[EventDate "2003.05.03"]
[EventType "tourn"]
[EventRounds "13"]
[EventCountry "HUN"]
[EventCategory "1"]
[SourceTitle "CBM 094 Extra"]
[Source "ChessBase"]
[SourceDate "2003.07.09"]
[SourceVersion "2"]
[SourceVersionDate "2003.07.09"]
[SourceQuality "1"]

1. e4 c5 2. Nc3 d6 3. f4 g6 4. Nf3 Bg7 5. Bc4 Nf6 6. 0-0 0-0 7. d3 Nc6 8. f5 gxf5 9. Qe1 fxe4 10. dxe4 Ng4 11. Qh4 Nce5 12. Nd5 Nxc4 13. Nxe7+ Qxe7 14. Qxe7 Bf6 15. Qxf8+ Kxf8 16. c3 Ke7 17. h3 Nge5 18. b3 Nxf3+ 19. Rxf3 Ne5 20. Rg3 Bd7 21. Bg5 Bxg5 22. Rxg5 Bc6 23. Re1 a5 24. Rg3 a4 25. Rge3 axb3 26. axb3 Ra3 27. c4 b5 28. cxb5 Bxb5 29. Rb1 Ke6 30. g4 Bd3 0-1

[Event "Budapest FS05 IM-A"]
[Site "Budapest"]
[Date "2003.05.10"]
[Round "8"]
[White "Dubois, Loic"]
[Black "Berczes, Csaba"]
[Result "0-1"]
[WhiteElo "2264"]
[BlackElo "2251"]
[PlyCount "90"]
[EventDate "2003.05.03"]
[EventType "tourn"]
[EventRounds "13"]
[EventCountry "HUN"]
[EventCategory "1"]
[SourceTitle "CBM 094 Extra"]
[Source "ChessBase"]
[SourceDate "2003.07.09"]
[SourceVersion "2"]
[SourceVersionDate "2003.07.09"]
[SourceQuality "1"]

1. e4 c5 2. Nc3 Nc6 3. f4 e6 4. Nf3 d5 5. Bb5 Nf6 6. d3 Be7 7. Bxc6+ bxc6 8. e5 Nd7 9. 0-0 0-0 10. b3 f6 11. Qe2 fxe5 12. fxe5 Rf5 13. Ba3 Qa5 14. Bb2 Nf8 15. Nd1 Ng6 16. g3 Bd7 17. Ne3 Rf7 18. h4 h6 19. Ng2 Bd8 20. h5 Nf8 21. Nfh4 Be8 22. Rxf7 Bxf7 23. Rf1 Nh7 24. a4 Bg5 25. Ng6 Qc7 26. Ba3 Bxg6 27. hxg6 Nf8 28. Bxc5 Nxg6 29. Bd6 Qd7 30. Qg4 Ne7 31. Nf4 Nf5 32. Bc5 Bxf4 33. Qxf4 h5 34. Rf2 Qd8 35. Rh2 g6 36. g4 hxg4 37. Qxg4 Kg7 38. Qh3 Qg5+ 39. Kf2 Qf4+ 40. Kg2 Qxe5 41. Bxa7 d4 42. Bb6 Rf8 43. Qh7+ Kf6 44. Kf1 Ne3+ 45. Ke2 Ng2+ 0-1

[Event "Budapest FS05 IM-A"]
[Site "Budapest"]
[Date "2003.05.08"]
[Round "6"]
[White "Dubois, Loic"]
[Black "Dencsi, Tibor"]
[Result "0-1"]
[WhiteElo "2264"]
[BlackElo "2245"]
[PlyCount "94"]
[EventDate "2003.05.03"]
[EventType "tourn"]
[EventRounds "13"]
[EventCountry "HUN"]
[EventCategory "1"]
[SourceTitle "CBM 094 Extra"]
[Source "ChessBase"]
[SourceDate "2003.07.09"]
[SourceVersion "2"]
[SourceVersionDate "2003.07.09"]
[SourceQuality "1"]

1. d4 Nf6 2. Nf3 g6 3. Bg5 Bg7 4. Nbd2 d5 5. e3 0-0 6. Be2 Nbd7 7. 0-0 Re8 8. c3 e5 9. dxe5 Nxe5 10. Nxe5 Rxe5 11. Nf3 Re8 12. h3 h6 13. Bf4 c6 14. Qb3 Qb6 15. Qxb6 axb6 16. a4 Be6 17. Nd4 Nd7 18. Nxe6 fxe6 19. e4 Nc5 20. exd5 exd5 21. Be3 Nxa4 22. Bd3 Kf7 23. Rab1 Nc5 24. Bc2 Ra2 25. Rfc1 Nd7 26. Bb3 Raa8 27. Re1 b5 28. Rbd1 Ne5 29. f4 Nc4 30. Bc1 Bf8 31. Kf2 Bc5+ 32. Kf3 Rxe1 33. Rxe1 Ra1 34. Rd1 Rxc1 35. Rxc1 Nd2+ 36. Kg4 h5+ 37. Kg3 Nxb3 38. Re1 Nd2 39. Ra1 Nc4 40. Ra8 Nxb2 41. Rb8 Na4 42. Rxb7+ Be7 43. Kf3 Nxc3 44. g4 hxg4+ 45. hxg4 c5 46. f5 gxf5 47. gxf5 d4 0-1

[Event "Budapest FS05 IM-A"]
[Site "Budapest"]
[Date "2003.05.06"]
[Round "4"]
[White "Werner, Dimo"]
[Black "Dubois, Loic"]
[Result "1-0"]
[WhiteElo "2359"]
[BlackElo "2264"]
[PlyCount "75"]
[EventDate "2003.05.03"]
[EventType "tourn"]
[EventRounds "13"]
[EventCountry "HUN"]
[EventCategory "1"]
[SourceTitle "CBM 094 Extra"]
[Source "ChessBase"]
[SourceDate "2003.07.09"]
[SourceVersion "2"]
[SourceVersionDate "2003.07.09"]
[SourceQuality "1"]

1. g3 d5 2. Bg2 c6 3. Nf3 Nf6 4. 0-0 Bg4 5. Ne5 Bh5 6. d4 e6 7. c4 Bd6 8. Nc3 Qc7 9. f4 dxc4 10. Nxc4 0-0 11. Kh1 Nbd7 12. Be3 Nd5 13. Bg1 Bb4 14. Qd3 N7b6 15. e4 Ne7 16. Nb1 Nxc4 17. Qxc4 Ba5 18. b4 Bb6 19. Nc3 a5 20. a3 axb4 21. axb4 Rxa1 22. Rxa1 Nc8 23. h3 Bg6 24. Rf1 Qd7 25. g4 f6 26. Na4 Bf7 27. Nxb6 Nxb6 28. Qc5 Na4 29. Qc2 b5 30. e5 Rc8 31. exf6 gxf6 32. f5 exf5 33. Qd2 fxg4 34. Rxf6 gxh3 35. Qg5+ Kh8 36. Bf3 Bd5 37. Bh2 Qg7 38. Be5 1-0

[Event "Clichy Masters 13th"]
[Site "Clichy"]
[Date "2001.12.23"]
[Round "9"]
[White "Dubois, Loic"]
[Black "Mrdja, Milan"]
[Result "1/2-1/2"]
[WhiteElo "2239"]
[BlackElo "2380"]
[PlyCount "27"]
[EventDate "2001.12.15"]
[EventType "tourn"]
[EventRounds "9"]
[EventCountry "FRA"]
[EventCategory "3"]
[SourceTitle "CBM 085 Extra"]
[Source "ChessBase"]
[SourceDate "2002.01.21"]
[SourceVersion "1"]
[SourceVersionDate "2002.01.21"]
[SourceQuality "1"]

1. e4 Nf6 2. Nc3 e5 3. Nf3 Nc6 4. Bb5 Bb4 5. 0-0 0-0 6. d3 d6 7. Bg5 Bxc3 8. bxc3 h6 9. Bc1 Ne7 10. Re1 Ng6 11. d4 Bg4 12. h3 Bxf3 13. Qxf3 Qe7 14. a4 1/2-1/2

[Event "Clichy Masters 13th"]
[Site "Clichy"]
[Date "2001.12.20"]
[Round "6"]
[White "Dubois, Loic"]
[Black "Kirszenberg, Marc"]
[Result "0-1"]
[WhiteElo "2239"]
[BlackElo "2214"]
[PlyCount "66"]
[EventDate "2001.12.15"]
[EventType "tourn"]
[EventRounds "9"]
[EventCountry "FRA"]
[EventCategory "3"]
[SourceTitle "CBM 085 Extra"]
[Source "ChessBase"]
[SourceDate "2002.01.21"]
[SourceVersion "1"]
[SourceVersionDate "2002.01.21"]
[SourceQuality "1"]

1. d4 d5 2. Nf3 Nf6 3. e3 Bf5 4. c4 c6 5. cxd5 cxd5 6. Qb3 Qb6 7. Qxb6 axb6 8. Nc3 e6 9. Bb5+ Nc6 10. Bd2 Bd6 11. Na4 Nd7 12. Rc1 Ke7 13. Ke2 h6 14. Bc3 f6 15. Rhd1 Ra7 16. Rd2 Rha8 17. b3 Rc8 18. h3 Ba3 19. Rcd1 Ncb8 20. Ba1 Bc1 21. Bb2 Bxd2 22. Rxd2 Ra5 23. Bd3 Bxd3+ 24. Kxd3 b5 25. Ba3+ Kd8 26. Bb4 Ra6 27. Nc3 Nc6 28. Bc5 Nxc5+ 29. dxc5 Nb4+ 30. Ke2 Rxc5 31. Ne4 Rc2 32. Rxc2 Nxc2 33. a4 dxe4 0-1

[Event "Clichy Masters 13th"]
[Site "Clichy"]
[Date "2001.12.17"]
[Round "3"]
[White "Verat, Laurent"]
[Black "Dubois, Loic"]
[Result "1-0"]
[WhiteElo "2337"]
[BlackElo "2239"]
[PlyCount "79"]
[EventDate "2001.12.15"]
[EventType "tourn"]
[EventRounds "9"]
[EventCountry "FRA"]
[EventCategory "3"]
[SourceTitle "CBM 085 Extra"]
[Source "ChessBase"]
[SourceDate "2002.01.21"]
[SourceVersion "1"]
[SourceVersionDate "2002.01.21"]
[SourceQuality "1"]

1. d4 d5 2. c4 Nc6 3. cxd5 Qxd5 4. e3 e5 5. Nc3 Bb4 6. Bd2 Bxc3 7. Bxc3 exd4 8. Ne2 Nf6 9. Nxd4 0-0 10. Be2 Ne4 11. 0-0 Nxc3 12. bxc3 Ne5 13. Qb3 Qe4 14. c4 c5 15. Nb5 Bd7 16. Nc3 Qh4 17. Nd5 b6 18. f4 Nc6 19. f5 Rae8 20. Rf4 Qg5 21. Raf1 Ne5 22. f6 Bh3 23. R1f2 g6 24. Qc3 Nc6 25. e4 Bd7 26. h4 Qe5 27. Qg3 Nd4 28. Ne7+ Kh8 29. Bg4 Bxg4 30. Qxg4 Rd8 31. h5 Ne6 32. hxg6 fxg6 33. Nxg6+ hxg6 34. Qxg6 Rd1+ 35. Kh2 Qg5 36. Qxg5 Nxg5 37. Rf5 Nxe4 38. R2f4 Rd4 39. Rg4 Nxf6 40. Rg6 1-0

[Event "Clichy Masters 13th"]
[Site "Clichy"]
[Date "2001.12.15"]
[Round "1"]
[White "Dragojlovic, Andjelko"]
[Black "Dubois, Loic"]
[Result "1-0"]
[WhiteElo "2330"]
[BlackElo "2239"]
[PlyCount "109"]
[EventDate "2001.12.15"]
[EventType "tourn"]
[EventRounds "9"]
[EventCountry "FRA"]
[EventCategory "3"]
[SourceTitle "CBM 085 Extra"]
[Source "ChessBase"]
[SourceDate "2002.01.21"]
[SourceVersion "1"]
[SourceVersionDate "2002.01.21"]
[SourceQuality "1"]

1. g3 d5 2. Nf3 c6 3. Bg2 Nf6 4. b3 Nbd7 5. Bb2 Qc7 6. d4 e6 7. 0-0 Bd6 8. c4 b6 9. Nc3 0-0 10. Rc1 a6 11. cxd5 exd5 12. e4 dxe4 13. Ng5 Bb7 14. Ncxe4 h6 15. Nxd6 Qxd6 16. Nf3 Nd5 17. Ne5 Rfe8 18. Qh5 Nxe5 19. dxe5 Qe7 20. Rc4 Rad8 21. Rg4 Bc8 22. e6 f6 23. Qg6 Bxe6 24. Bxd5 cxd5 25. Bxf6 Qxf6 26. Qxf6 Bxg4 27. Qd4 Bh3 28. Rc1 Re4 29. Qd3 Rde8 30. Qxd5+ Kh8 31. Qd2 Re2 32. Qc3 Rxa2 33. g4 Bxg4 34. h3 Bf5 35. Qc6 Kh7 36. Qxb6 Ree2 37. Rf1 Bg6 38. b4 Reb2 39. Qd4 Bf5 40. h4 h5 41. Rc1 Rd2 42. Qc5 Bg6 43. Kg2 Rd3 44. Rc4 Rad2 45. Qf8 Rd8 46. Qf4 R2d6 47. Rc7 Rd4 48. Qf6 Rg4+ 49. Kh2 Rg8 50. Qe7 Re4 51. Qf6 Rxb4 52. f3 a5 53. Kg3 a4 54. Ra7 Rb3 55. Qe7 1-0